Greek and Roman animal sacrifice : ancient victims, modern observers /

First general critique of the interpretations of animal sacrifice established by Walter Burkert, the late J.-P. Vernant, and Marcel Detienne.

Bibliographic Details
Other Authors: Faraone, Christopher A., Naiden, F. S.
Format: eBook
Language:English
Published: Cambridge ; New York : Cambridge UP, 2012.
Subjects:
Online Access:Connect to the full text of this electronic book

MARC

Tag First Indicator Second Indicator Subfields
LEADER 00000cam a2200000Ka 4500
001 in00002770421
006 m d
007 cr cnu---unuuu
008 120508s2012 enka ob 101 0 eng d
005 20250816213338.9
019 |a 792684358  |a 793946531 
020 |a 9781139336826 (electronic bk.) 
020 |a 1139336827 (electronic bk.) 
020 |z 9781107011120 
020 |z 1107011124 
020 |a 9781139338561 
020 |a 1139338560 
024 8 |a 9786613571953 
035 |a (OCoLC)ocn793232307 
035 |a (OCoLC)793232307  |z (OCoLC)792684358  |z (OCoLC)793946531 
037 |a 357195  |b MIL 
040 |a N$T  |c N$T  |d EBLCP  |d YDXCP  |d CDX  |d OCLCO  |d TXA  |d UtOrBLW 
043 |a e-gr---  |a ff-----  |a e------  |a aw----- 
049 |a TXAM 
050 4 |a BL795.S25  |b G74 2012eb 
072 7 |a OCC  |x 036020  |2 bisacsh 
072 7 |a REL  |x 072000  |2 bisacsh 
072 7 |a REL  |2 eflch 
082 0 4 |a 292.34  |2 23 
245 0 0 |a Greek and Roman animal sacrifice :  |b ancient victims, modern observers /  |c edited by Christopher A. Faraone and F.S. Naiden. 
264 1 |a Cambridge ;  |a New York :  |b Cambridge UP,  |c 2012. 
300 |a 1 online resource :  |b illustrations 
336 |a text  |b txt  |2 rdacontent 
337 |a computer  |b c  |2 rdamedia 
338 |a online resource  |b cr  |2 rdacarrier 
500 |a Proceedings of a conference held Apr. 2008 at the Franke Institute for the Humanities, University of Chicago. 
504 |a Includes bibliographical references and index. 
588 |a Description based on print version record. 
505 0 |a From Bergaigne to Meuli: How animal sacrifice became a hot topic -- One generation after Burkert and Girard: Where are the great theories? -- Blessèd are the parasites -- Roman animal sacrifice and the system of being. 
520 |a First general critique of the interpretations of animal sacrifice established by Walter Burkert, the late J.-P. Vernant, and Marcel Detienne. 
500 |a Electronic resource. 
650 0 |a Animal sacrifice  |z Greece  |x History  |y To 1500  |v Congresses. 
650 0 |a Animal sacrifice  |z Rome  |x History  |y To 1500  |v Congresses. 
650 0 |a Divination  |z Greece  |x History  |y To 1500  |v Congresses. 
650 0 |a Divination  |z Rome  |x History  |y To 1500  |v Congresses. 
651 0 |a Greece  |x Religious life and customs  |v Congresses. 
651 0 |a Rome  |x Religious life and customs  |v Congresses. 
650 7 |a BODY, MIND & SPIRIT / Spirituality / Paganism & Neo-Paganism.  |2 bisacsh 
650 7 |a RELIGION / Antiquities & Archaeology.  |2 bisacsh 
650 4 |a Animals  |x Religious aspects  |x Christianity  |x History of doctrines  |x Early church, ca. 30-600. 
650 4 |a Animals  |x Religious aspects  |x History of doctrines. 
650 4 |a Greece  |x Religion. 
650 4 |a Rome  |x Religion. 
650 4 |a Religion. 
655 4 |a Electronic books. 
655 7 |a Electronic books.  |2 local 
700 1 |a Faraone, Christopher A. 
700 1 |a Naiden, F. S. 
776 0 8 |i Print version:  |t Greek and Roman animal sacrifice.  |d Cambridge ; New York : Cambridge UP, 2012  |z 9781107011120  |w (OCoLC)759915012 
856 4 0 |u https://ebookcentral.proquest.com/lib/tamucs/detail.action?docID=866831  |y Connect to the full text of this electronic book  |t 0 
948 |a cataloged  |b h  |c 2012/6/4  |d c  |e agaffey  |f 2:51:07 pm 
994 |a C0  |b TXA 
999 f f |s 66ffdd2e-fc41-3fcb-9e73-727b023174b4  |i 3ebdbd11-fc74-300e-a712-b64dbe81e4b4  |t 0 
999 |a MARS 
952 f f |a Texas A&M University  |b College Station  |c Electronic Resources  |d Available Online  |t 0  |e BL795.S25 G74 2012eb  |h Library of Congress classification 
998 f f |a BL795.S25 G74 2012eb  |t 0  |l Available Online